[Event "Pretoria Capablanca A"]
[Site "Pretoria"]
[Date "2018.04.28"]
[Round "4"]
[White "Nesimeye, Okuma Ejomafuvwe"]
[Black "Ponelis, Albert A"]
[Result "1-0"]
[WhiteElo "2024"]
[BlackElo "1912"]
[PlyCount "119"]
[EventDate "2018.04.26"]
[EventType "tourn"]
[EventRounds "9"]
[EventCountry "RSA"]
[SourceTitle "CBM 184 Extra"]
[Source "ChessBase"]
[SourceDate "2018.06.28"]
[SourceVersion "1"]
[SourceVersionDate "2018.06.28"]
[SourceQuality "1"]

1. Nf3 d5 2. g3 Nf6 3. Bg2 e6 4. d3 Be7 5. 0-0 0-0 6. Nbd2 c5 7. e4 Nc6 8. c3 dxe4 9. dxe4 e5 10. h3 h6 11. Qe2 Qc7 12. Nh4 Re8 13. Nc4 Nh7 14. Nf5 Bg5 15. Nce3 Ne7 16. h4 Nxf5 17. Nxf5 Bxc1 18. Raxc1 Be6 19. c4 Bxf5 20. exf5 Nf6 21. g4 Rad8 22. g5 hxg5 23. hxg5 Nd7 24. Bd5 Nb6 25. g6 Nxd5 26. cxd5 fxg6 27. fxg6 Qe7 28. Qh5 Qf6 29. Rxc5 Rd6 30. Qh7+ Kf8 31. Qh8+ Ke7 32. Rc7+ Rd7 33. Rxd7+ Kxd7 34. Qh3+ Kd6 35. Qa3+ Kd7 36. Qa4+ Kd8 37. Qg4 Qf4 38. Qxf4 exf4 39. Kg2 Re5 40. Rd1 Rg5+ 41. Kf3 Rxg6 42. Kxf4 Rf6+ 43. Ke3 Kd7 44. f4 Kd6 45. Ke4 Rf8 46. Rg1 Re8+ 47. Kd4 Re7 48. Rg6+ Kd7 49. f5 Rf7 50. Ke5 Re7+ 51. Re6 Rf7 52. d6 Kc6 53. b4 Rd7 54. Rg6 b5 55. Re6 a6 56. Re7 Rd8 57. Rc7+ Kb6 58. Rxg7 Rh8 59. f6 Rh1 60. Rg4 1-0

[Event "Pretoria Waterkloof op"]
[Site "Pretoria"]
[Date "2015.03.05"]
[Round "1"]
[White "Mfundisi, Sandile"]
[Black "Ponelis, Albert A"]
[Result "1/2-1/2"]
[WhiteElo "1727"]
[BlackElo "1935"]
[PlyCount "128"]
[EventDate "2015.03.05"]
[EventType "swiss"]
[EventRounds "6"]
[EventCountry "RSA"]
[SourceTitle "CBM 165 Extra"]
[Source "ChessBase"]
[SourceDate "2015.04.21"]
[SourceVersion "1"]
[SourceVersionDate "2015.04.21"]
[SourceQuality "1"]

1. e4 c5 2. c3 d5 3. exd5 Qxd5 4. d4 Nf6 5. Nf3 Bg4 6. Be2 e6 7. Be3 cxd4 8. cxd4 Nc6 9. 0-0 Be7 10. h3 Bh5 11. Nc3 Qd6 12. Rc1 0-0 13. Qa4 Rfd8 14. Rfd1 Qb4 15. Qxb4 Nxb4 16. g4 Bg6 17. Ne5 Nbd5 18. g5 Nxc3 19. bxc3 Nd5 20. h4 Ba3 21. Nxg6 Bxc1 22. Ne7+ Nxe7 23. Bxc1 Rac8 24. c4 Nf5 25. d5 exd5 26. cxd5 Rc5 27. Bf3 Nxh4 28. Be4 Rc4 29. f3 Ng6 30. d6 b6 31. Kf2 Nf8 32. Bf5 g6 33. Be4 Ne6 34. Be3 Nc5 35. Bd5 Rc2+ 36. Kg3 Ne6 37. Bb3 Rc6 38. d7 Rc7 39. Ba4 Nf8 40. Bf4 Rcxd7 41. Bxd7 Rxd7 42. Rc1 h6 43. gxh6 f6 44. Rc8 Rf7 45. Bd6 f5 46. Rxf8+ Rxf8 47. h7+ Kxh7 48. Bxf8 Kg8 49. Bh6 Kf7 50. f4 Ke6 51. Kf3 Kd5 52. Kg3 b5 53. a3 a5 54. Kh4 Ke4 55. Kg5 b4 56. axb4 axb4 57. Bg7 b3 58. Bb2 Kf3 59. Be5 Kg3 60. Kxg6 b2 61. Bxb2 Kxf4 62. Bc1+ Kg4 63. Bd2 f4 64. Bxf4 Kxf4 1/2-1/2

[Event "Commonwealth & RSA op"]
[Site "Port Elizabeth"]
[Date "2013.07.08"]
[Round "4"]
[White "Ponelis, Albert A"]
[Black "Gluckman, David"]
[Result "1/2-1/2"]
[WhiteElo "1933"]
[BlackElo "2250"]
[PlyCount "20"]
[EventDate "2013.07.06"]
[EventType "swiss"]
[EventRounds "11"]
[EventCountry "RSA"]
[SourceTitle "CBM 155 Extra"]
[Source "ChessBase"]
[SourceDate "2013.08.26"]
[SourceVersion "1"]
[SourceVersionDate "2013.08.26"]
[SourceQuality "1"]

1. e4 Nf6 2. e5 Nd5 3. Nc3 e6 4. d4 d6 5. Nxd5 exd5 6. Nf3 dxe5 7. Nxe5 Nd7 8. Bf4 Nxe5 9. Bxe5 c6 10. Bd3 Be6 1/2-1/2

[Event "Pretoria FM-B"]
[Site "Pretoria"]
[Date "2012.04.30"]
[Round "6"]
[White "Oberholzer, Francois"]
[Black "Ponelis, Albert A"]
[Result "1-0"]
[WhiteElo "1810"]
[BlackElo "1986"]
[PlyCount "85"]
[EventDate "2012.04.27"]
[EventType "tourn"]
[EventRounds "9"]
[EventCountry "RSA"]
[SourceTitle "CBM 148 Extra"]
[Source "ChessBase"]
[SourceDate "2012.06.22"]
[SourceVersion "1"]
[SourceVersionDate "2012.06.22"]
[SourceQuality "1"]

1. e4 c5 2. Nc3 Nc6 3. Nge2 e6 4. g3 d5 5. exd5 exd5 6. Bg2 Nf6 7. d4 Bg4 8. h3 Be6 9. 0-0 Qd7 10. Kh2 cxd4 11. Nxd4 Nxd4 12. Qxd4 Be7 13. Be3 0-0 14. Rad1 Rfd8 15. Rd2 b6 16. Rfd1 Rac8 17. Nxd5 Nxd5 18. Bxd5 Bxd5 19. Qxd5 Qxd5 20. Rxd5 Rxd5 21. Rxd5 Rxc2 22. Rd7 Bf8 23. Bd4 f6 24. Rxa7 Bc5 25. Bxc5 bxc5 26. Rb7 Rxf2+ 27. Kg1 Rc2 28. a4 c4 29. a5 Rc1+ 30. Kf2 Ra1 31. Rb5 Kf7 32. Ke3 Ke6 33. Kd4 Ra4 34. Kc5 Ke5 35. Kb6+ Ke4 36. a6 c3 37. bxc3 Kf3 38. a7 Rxa7 39. Kxa7 Kxg3 40. Rb7 g5 41. Rxh7 f5 42. c4 f4 43. c5 1-0

[Event "Pretoria FM-B"]
[Site "Pretoria"]
[Date "2012.04.27"]
[Round "1"]
[White "Bezuidenhout, Roland Reinhold"]
[Black "Ponelis, Albert A"]
[Result "1-0"]
[WhiteElo "1874"]
[BlackElo "1986"]
[PlyCount "69"]
[EventDate "2012.04.27"]
[EventType "tourn"]
[EventRounds "9"]
[EventCountry "RSA"]
[SourceTitle "CBM 148 Extra"]
[Source "ChessBase"]
[SourceDate "2012.06.22"]
[SourceVersion "1"]
[SourceVersionDate "2012.06.22"]
[SourceQuality "1"]

1. e4 c5 2. Nf3 Nc6 3. d4 cxd4 4. Nxd4 Nf6 5. Nc3 d6 6. Bg5 e6 7. Qd2 Be7 8. f3 0-0 9. 0-0-0 a6 10. h4 Qc7 11. g4 Nxd4 12. Qxd4 Rd8 13. h5 e5 14. Qd2 Be6 15. Bxf6 Bxf6 16. g5 Be7 17. Bh3 b5 18. g6 h6 19. gxf7+ Bxf7 20. Nd5 Qb7 21. Nxe7+ Qxe7 22. Bf5 a5 23. Kb1 b4 24. Rh2 a4 25. Rg1 Kh8 26. Rhg2 Rg8 27. Rxg7 Bxa2+ 28. Kxa2 b3+ 29. Kb1 Qxg7 30. Rxg7 Kxg7 31. Qxd6 Rgd8 32. Qe7+ Kg8 33. Be6+ Kh8 34. Qf6+ Kh7 35. Qg6+ 1-0